000 00893nam0a22002651 4500
001 rc\3578342
005 20250610074357.0
021 _aRU
_b[70-2404]
035 _a(NLR Aleph) 007803340
090 _a7689947
_c7689947
100 _a20130115d1969 |||y0rusy50 ca
101 0 _arus
102 _aRU
105 _aa z |||||
200 1 _aСпециальная физическая подготовка волейболистов
210 _aМосква
_cФизкультура и спорт
_d1969
215 _a135 с.
_cил.
_d20
300 _aПеред загл. авт.: М. Перльман, мастер спорта
606 _aВолейболисты
_xТренировка
_2psbo
700 1 _aПерльман
_bМ.Р.
_gМихаил Романович
801 0 _aRU
_bNLR
_gpsbo
801 1 _aRU
_bELAR
_2rusmarc
852 _aNLR
_j69-3/10559
942 _cBOOK
980 _aNB